LEADER 00864cam0-2200313---450- 001 990004100520403321 005 20120926131703.0 035 $a000410052 035 $aFED01000410052 035 $a(Aleph)000410052FED01 035 $a000410052 100 $a19990604d1964----km-y0itay50------ba 101 0 $aeng 102 $aGB 105 $ay-------001yy 200 1 $a<>mind and the eye$eA study of the biologist's standpoint$fby Agnes Arber 210 $aCambridge$cUniversity Press$d1964 215 $aXII, 146 p.$d21 cm 610 0 $aBiologia$aPrincipi filosofici 676 $a570.1 676 $a121 700 1$aArber,$bAgnes$065308 801 0$aIT$bUNINA$gRICA$2UNIMARC 901 $aBK 912 $a990004100520403321 952 $aP.1 EM 235$bIST.FIL.T.831$fFLFBC 959 $aFLFBC 996 $aMind and the eye$9477374 997 $aUNINA